HOW TO WRITE ESSAYS (Record no. 210222)

MARC details
000 -LEADER
fixed length control field 00394nam a22001457a 4500
008 - FIXED-LENGTH DATA ELEMENTS--GENERAL INFORMATION
fixed length control field 240527b |||||||| |||| 00| 0 eng d
020 ## - INTERNATIONAL STANDARD BOOK NUMBER
International Standard Book Number 9780582874978
050 ## - LIBRARY OF CONGRESS CALL NUMBER
Classification number PE 1403 .C53 1992
Item number 2
100 ## - MAIN ENTRY--PERSONAL NAME
Personal name CLANCHY, JOHN.
245 ## - TITLE STATEMENT
Title HOW TO WRITE ESSAYS
Remainder of title A PRACTICAL GUIDE FOR STUDENTS
260 ## - PUBLICATION, DISTRIBUTION, ETC.
Place of publication, distribution, etc. AUSTRALIA
Name of publisher, distributor, etc. LONGMAN
Date of publication, distribution, etc. 1992
300 ## - PHYSICAL DESCRIPTION
Extent VII; 151P.ILL.
700 ## - ADDED ENTRY--PERSONAL NAME
Personal name ED AL
942 ## - ADDED ENTRY ELEMENTS (KOHA)
Source of classification or shelving scheme Library of Congress Classification
Koha item type Long Loan Book
Holdings
Withdrawn status Lost status Source of classification or shelving scheme Damaged status Not for loan Collection Home library Current library Shelving location Date acquired Inventory number Total checkouts Full call number Barcode Date last seen Copy number Price effective from Koha item type
    Library of Congress Classification     Arts & Social Sciences Kisii University Library Kisii University Library On Display 05/27/2024 21716   PE 1403 .C53 1992 000000008676 05/27/2024 1 05/27/2024 Long Loan Book